|
|
|
|
| LEADER |
00000cas a2200000 c 4500 |
| 001 |
599588837 |
| 003 |
DE-627 |
| 005 |
20250604132821.0 |
| 007 |
tu |
| 008 |
090512c19899999xxuz| m| 0 |0eng c |
| 016 |
7 |
|
|a 994224834
|2 DE-101
|
| 016 |
7 |
|
|a 2494934-6
|2 DE-600
|
| 035 |
|
|
|a (DE-627)599588837
|
| 035 |
|
|
|a (DE-576)017955289
|
| 035 |
|
|
|a (DE-599)ZDB2494934-6
|
| 035 |
|
|
|a (OCoLC)1368801339
|
| 040 |
|
|
|a DE-627
|b ger
|c DE-627
|e rakwb
|
| 041 |
|
|
|a eng
|
| 044 |
|
|
|c XD-US
|
| 082 |
0 |
4 |
|a 100
|a 300
|a 570
|q DE-600
|
| 245 |
0 |
0 |
|a Frontiers of anthropology
|
| 264 |
3 |
1 |
|a Newbury Park, Calif. [u.a.]
|b Sage Publ.
|c 1989-
|
| 336 |
|
|
|a Text
|b txt
|2 rdacontent
|
| 337 |
|
|
|a ohne Hilfsmittel zu benutzen
|b n
|2 rdamedia
|
| 338 |
|
|
|a Band
|b nc
|2 rdacarrier
|
| 362 |
0 |
|
|a 1.1989 -
|
| 363 |
0 |
1 |
|a 1
|i 1989
|
| 655 |
|
7 |
|a Monografische Reihe
|0 (DE-588)4179998-7
|0 (DE-627)104628669
|0 (DE-576)209995106
|2 gnd-content
|
| 889 |
|
|
|w (DE-603)002543621
|
| 889 |
|
|
|w (DE-627)267272464
|
| 935 |
|
|
|i sdedup20221117
|
| 951 |
|
|
|a ST
|
| ELC |
|
|
|b 1
|
| LOK |
|
|
|0 000 xxxxxcx a22 zn 4500
|
| LOK |
|
|
|0 001 213120731X
|
| LOK |
|
|
|0 003 DE-627
|
| LOK |
|
|
|0 004 599588837
|
| LOK |
|
|
|0 005 19890724000000
|
| LOK |
|
|
|0 008 890622||||||||||||||||ger|||||||
|
| LOK |
|
|
|0 040
|a DE-21
|c DE-627
|d DE-21
|
| LOK |
|
|
|0 852
|a DE-21
|
| LOK |
|
|
|0 852 1
|9 00
|
| LOK |
|
|
|0 866
|x NAK
|
| LOK |
|
|
|0 939
|a 22-06-89
|b l01
|
| LOK |
|
|
|0 000 xxxxxcx a22 zn 4500
|
| LOK |
|
|
|0 001 2565688970
|
| LOK |
|
|
|0 003 DE-627
|
| LOK |
|
|
|0 004 599588837
|
| LOK |
|
|
|0 005 20080312164249
|
| LOK |
|
|
|0 008 080312||||||||||||||||ger|||||||
|
| LOK |
|
|
|0 040
|a DE-21-43
|c DE-627
|d DE-21-43
|
| LOK |
|
|
|0 852
|a DE-21-43
|
| LOK |
|
|
|0 852 1
|m p
|9 00
|
| LOK |
|
|
|0 935
|a k043
|a kneu
|
| LOK |
|
|
|0 938
|k p
|
| LOK |
|
|
|0 939
|a 12-03-08
|b l01
|
| LOK |
|
|
|0 000 xxxxxcx a22 zn 4500
|
| LOK |
|
|
|0 001 2690576988
|
| LOK |
|
|
|0 003 DE-627
|
| LOK |
|
|
|0 004 599588837
|
| LOK |
|
|
|0 005 20110923081006
|
| LOK |
|
|
|0 008 110923||||||||||||||||ger|||||||
|
| LOK |
|
|
|0 040
|a DE-21-53
|c DE-627
|d DE-21-53
|
| LOK |
|
|
|0 852
|a DE-21-53
|
| LOK |
|
|
|0 852 1
|m p
|9 00
|
| LOK |
|
|
|0 935
|a k053
|a i053
|
| LOK |
|
|
|0 938
|k p
|
| LOK |
|
|
|0 939
|a 23-09-11
|b l01
|
| LOK |
|
|
|0 000 xxxxxcx a22 zn 4500
|
| LOK |
|
|
|0 001 2131207069
|
| LOK |
|
|
|0 003 DE-627
|
| LOK |
|
|
|0 004 599588837
|
| LOK |
|
|
|0 005 19950511000000
|
| LOK |
|
|
|0 008 950511||||||||||||||||ger|||||||
|
| LOK |
|
|
|0 040
|a DE-Frei85
|c DE-627
|d DE-Frei85
|
| LOK |
|
|
|0 852
|a DE-Frei85
|
| LOK |
|
|
|0 852 1
|m p
|9 00
|
| LOK |
|
|
|0 938
|k p
|
| LOK |
|
|
|0 939
|a 11-05-95
|b l01
|
| ORI |
|
|
|a SA-MARC-krimdokb001.raw
|
| SPR |
|
|
|a 1
|t KRI
|